| 000 | 00401nam a22001457a 4500 | ||
|---|---|---|---|
| 999 |
_c17660 _d17660 |
||
| 008 | 190517b xxu||||| |||| 00| 0 eng d | ||
| 020 | _a0070655715 | ||
| 050 |
_aTX928 _b.A53 2009 c.1 |
||
| 100 | _aAndres, Sudhir | ||
| 245 |
_aHotel House keeping _bA training manual _cSudhir Andrews |
||
| 250 | _a2nd ed. | ||
| 260 |
_aNew Dheli _bTata McGraw Hill _c2009 |
||
| 300 | _axxix, 302p. | ||
| 942 |
_2lcc _cBK |
||